000 01058nam0a22002771 4500
001 rc\34857
005 20260503060838.0
010 _a5-85647-004-4
_950000
035 _a(NLR Aleph) 005318847
090 _a6466064
_c6466064
100 _a20021216d1993 |||y0rusy50 ca
101 0 _arus
102 _aRU
105 _aa |||||||||
200 1 _aАдъютант его превосходительства
_e[Роман]
_fИгорь Болгарин, Георгий Северский
_g[Иллюстрации А. Амаспюра]
210 _aМ.
_cИнфосерв
_d1993
215 _a413, [2] с.
_cил.
_d21
300 _aПродолж.: Седьмой круг ада
700 1 _8rus
_7ca
_aБолгарин
_bИ. Я.
_f1929-
_gИгорь Яковлевич
_3RU\NLR\AUTH\77110844
_993769
701 1 _aСеверский
_bГ. Л.
_f1909-1997
_gГеоргий Леонидович
_3RU\NLR\AUTH\770133424
_9133390
801 0 _aRU
_bNLR
_gpsbo
801 1 _aRU
_bELAR
_2rusmarc
852 _aNLR
_j93-3/6324
942 _cBOOK
980 _aNB